| 000 | 00463nam a22001697a 4500 | ||
|---|---|---|---|
| 999 |
_c524462 _d524462 |
||
| 003 | NUST | ||
| 038 | _awaseem | ||
| 082 |
_a891.421 _bTAH |
||
| 100 |
_aTahir, Ahsan -ul-Allah _915280 |
||
| 245 |
_aLahu Da Peanda / _cAhsan-ul-Allah Tahir |
||
| 260 |
_aGujaranwala _bFarog adab aqwami, _c2000 |
||
| 300 | _a128 p. ; | ||
| 500 | _aHardcover | ||
| 880 |
_6100-01\r _aاحسان اللہ طاھر |
||
| 880 |
_6245-02\r _a /لہودا پینڈا |
||
| 942 |
_2ddc _cBK |
||